Statistiques concernant Tous les sons de So la lune

Cliquez ici pour prendre le quiz!

Statistiques générales

  • Ce quiz a été pris 37 fois
    (10 depuis la dernière actualisation)
  • Le résultat moyen est 127 sur 159

Statistiques - réponses

HintRéponse% Correct
Elh Kmer5000 otages
100%
Zzzucci, Rouge Carminanakin
100%
BakaribakaTsuki
100%
Caballero & JeanJassbéatrice
100%
Elh Kmercéline
100%
Lujipekalala
100%
Djado Madola lune
100%
winnterzuko, RealoLA RUCHE
100%
YUNG POOR ALOle nom du film
100%
Roshiloup
100%
8ruki, Binks BeatzLUNE
100%
Mahdi Banéant
100%
Rouge Carminsirène 18
100%
Ghost Killer Tracksmile:(
100%
zakystamina
100%
Raplume, Beendo Ztitanic
100%
Schtransmission automatique
100%
L'enfant de la pluie10 hummers
80%
Fissure de vie2 i
80%
Numéro 113 fois x ou santana
80%
Tsuki6 sens
80%
L'enfant de la pluie99 avenue
80%
Singleabeille 20
80%
Numéro 11a dix couleur
80%
1ère faille (l'Afar)afar
80%
Tsuki; Elh Kmeralicante
80%
Jok'airallons faire la fête on va mourir
80%
Singleaqua 15
80%
Wilmaarkham
80%
Apollo 11au bélier
80%
L'enfant de la pluieau bpm
80%
Tsukibalade
80%
Rozzybell
80%
MEGA, Au6iBERGER
80%
1ère faille (l'Afar)biberon
80%
Leonebillet de 5
80%
L'enfant de la pluiebip bip
80%
L'enfant de la pluiebloqué
80%
Zamdaneboboalam
80%
Satellite naturelbonheur
80%
Orbitebonhomme de neige
80%
Aketobougie
80%
Satellite naturelCLM
80%
3ème faille (San Andreas)CM2
80%
2ème faille (Silfra)copine
80%
Théiacout d'éclat
80%
Fissure de viedéconnecté
80%
27/05/22dernier remord
80%
Tsuki; Rouge Carmindeux vies
80%
Satellite natureldiagnostic
80%
Fissure de viedona
80%
Fissure de vie; DA Uzien bas
80%
Rouge Carminenfants perdus
80%
Tsukienvieux
80%
2ème faille (Silfra)éternelle
80%
Fissure de vieéternelle 2
80%
Favéfavela
80%
Fissure de viefin heureuse
80%
Singlefissure de vie 23
80%
Freestylefreestyle 12TSUKI8NICHI
80%
Freestylefreestyle 1ère faille
80%
Freestylefreestyle 2ème faille
80%
Freestylefreestyle Apollo 11
80%
Raplumefreestyle raplune
80%
Freestylefreestyle Theia
80%
Kennagepetto
80%
3ème faille (San Andreas)gina
80%
Orbite; Rouge Carmingoût vanille
80%
Fissure de vieguérison
80%
Slkrackhennessy
80%
ThéiaI8
80%
Djalitoidées noires
80%
L'enfant de la pluieinterlude : froide l'averse
80%
Fissure de vieinterlune
80%
Elh Kmerjardin
80%
Apollo 11keh lanta
80%
Zzzuccikimono
80%
Rvzmokiri village
80%
Tsukila bête
80%
L'enfant de la pluiel'allemande
80%
Wilmala pierre
80%
L'enfant de la pluiele dernier maitre de l'eau
80%
L'enfant de la pluieles toits de la ville
80%
Zoomy, abel31link up
80%
Théialune city
80%
Apollo 11maitre nageur
80%
Satellite naturelmalade
80%
Numéro 11mal de mer
80%
Fissure de viemedellin
80%
Orbitemission
80%
1ère faille (l'Afar)montana
80%
Fissure de vienicki
80%
Fissure de vie; Roshinouveaux pirates
80%
Wilmanuméro 11
80%
L'enfant de la pluieop
80%
L'enfant de la pluieopening
80%
Tsukioulalala
80%
1ère faille (l'Afar)outro miroir
80%
Fissure de vieoutrône
80%
3ème faille (San Andreas)pacifique
80%
L'enfant de la pluieparfum automne
80%
Fissure de viepéché
80%
Enimaperdu
80%
L'enfant de la pluie; Khaliperte de temps
80%
Théiapodium
80%
99, Wolkfid, thaHomeyPreach
80%
1ère faille (l'Afar)promesse
80%
Tsukiquotidien
80%
Fissure de vierange ro
80%
Tsukiraptus
80%
L'enfant de la pluieremontada
80%
Nomadesretour de flamme
80%
2ème faille (Silfra)rob lucci
80%
Orbiterodé
80%
L'enfant de la pluiesales images
80%
L'enfant de la pluiesali
80%
Numéro 11sa teille son j
80%
Tsukiseigneur
80%
Apollo 11séquelles
80%
Théiaseven up
80%
Tsukishinobi
80%
Kenna; Green Montanasi ça compte
80%
Nallasskyfall
80%
Fissure de viesoleil mourant
80%
PUSH & GIO, LETS GOSOLIDE
80%
Satellite naturelsorcier
80%
2ème faille (Silfra)sortilège
80%
SingleSOS
80%
Blink Beatzsous le ciel
80%
Sely, VRSAsport+métaux
80%
L'enfant de la pluie; Schsuspects
80%
Numéro 11titulaire
80%
Oldpeetranquille
80%
L'enfant de la pluietriste temps
80%
i300tsuki300
80%
2ème faille (Silfra)tsukithèse
80%
Apollo 11; Aketotsukito
80%
Cheu-BtsuSky
80%
L'enfant de la pluieun jour d'été
80%
Kennaun peu de moi
80%
Fissure de vievide
80%
Kennavie d'avant
80%
Saamouvision
80%
Singlebilly
60%
27/05/22elvira
60%
3ème faille (San Andreas)kitsu
60%
Wilmal'âme
60%
Kennal'averse
60%
Nomadesle film
60%
Wilmaocéan
60%
Nomades; Zedpandémie
60%
Duke Mobbpression
60%
Orbitesaga tome 1
60%
3ème faille (San Andreas)santé
60%
27/05/22sebastien & kader
60%
Nomadessérum
60%
Singleun tour
60%
Singleyah 09
60%
Nomadessourire fantôme
40%

Distribution des résultats

Percentile par nombre de réponses

% des personnes avec chaque résultat

Votre développement - résultats

Vous n’avez pas pris ce quiz depuis la dernière actualisation